[Event "TCh-CHN Division A 2014"]
[Site "Shaoguan CHN"]
[Date "2014.07.25"]
[Round "9.6"]
[White "Shen, Yang"]
[Black "Munguntuul, Batkhuyag"]
[Result "1-0"]
[WhiteTitle "IM"]
[BlackTitle "IM"]
[WhiteElo "2475"]
[BlackElo "2438"]
[WhiteTeam "Jiangsu"]
[BlackTeam "Guangdong"]
[WhiteFideId "8603162"]
[BlackFideId "4900758"]
[EventDate "2014.04.12"]

1. d4 d5 2. Nf3 Nf6 3. c4 c6 4. e3 Bf5 5. Nc3 e6 6. Nh4 Be4 7. f3 Bg6 8. Qb3 Qc7
9. Bd2 a6 10. Rc1 Nbd7 11. cxd5 exd5 12. Nxd5 Nxd5 13. Nxg6 hxg6 14. Qxd5 Rxh2
15. Qe4+ Be7 16. Rxh2 Qxh2 17. Bb4 Qh4+ 18. Qxh4 Bxh4+ 19. Kd1 Nb6 20. Bd3 Nd5
21. Bd2 O-O-O 22. Ke2 Bf6 23. Bc4 Rd7 24. Rh1 b5 25. Bb3 Kb7 26. Rh8 Nc7 27. Bb4
Be7 28. Ba5 Bf6 29. f4 c5 30. dxc5 Bxb2 31. Rf8 f6 32. Bc2 Re7 33. Kf3 f5 34.
Rd8 Ne6 35. Rd6 Nxc5 36. Rxg6 Ne4 37. Bb3 Nf6 38. Bb4 Rc7 39. Be6 Ne4 40. Bxf5
Nc3 41. Bd6 Rf7 42. Bc2 a5 43. Be5 a4 44. Rxg7 Rxg7 45. Bxg7 Kc6 46. f5 1-0

[Event "TCh-CHN Division A 2014"]
[Site "Shaoguan CHN"]
[Date "2014.07.26"]
[Round "10.1"]
[White "Xiu, Deshun"]
[Black "Lin, Chen"]
[Result "1/2-1/2"]
[WhiteTitle "GM"]
[BlackTitle "IM"]
[WhiteElo "2553"]
[BlackElo "2463"]
[WhiteTeam "Beijing"]
[BlackTeam "Jiangsu"]
[WhiteFideId "8603693"]
[BlackFideId "8602298"]
[EventDate "2014.04.12"]

1. d4 d5 2. c4 c6 3. Nc3 Nf6 4. e3 a6 5. Nf3 b5 6. b3 Bg4 7. Be2 Nbd7 8. O-O e6
9. Bb2 Bd6 10. h3 Bf5 11. Nh4 Be4 12. Nxe4 Nxe4 13. Nf3 O-O 14. Bd3 f5 15. Rc1
Rc8 16. a4 bxc4 17. bxc4 a5 18. Qe2 Qe7 19. Rc2 g5 20. Ne5 Nxe5 21. dxe5 Bb4 22.
cxd5 cxd5 23. Bxe4 dxe4 24. Rfc1 Rxc2 25. Rxc2 Qd7 26. Bd4 Qxa4 27. Rc7 Qe8 28.
Qc4 Qg6 29. Bc5 Bxc5 30. Rxc5 Ra8 31. Qa4 Qe8 32. Qxe8+ Rxe8 33. Rxa5 Kf7 34. g4
Kg6 35. Kg2 1/2-1/2

[Event "TCh-CHN Division A 2014"]
[Site "Shaoguan CHN"]
[Date "2014.07.26"]
[Round "10.1"]
[White "Wang, Hao"]
[Black "Yu, Ruiyuan"]
[Result "1-0"]
[WhiteTitle "GM"]
[BlackTitle "GM"]
[WhiteElo "2710"]
[BlackElo "2552"]
[WhiteTeam "Beijing"]
[BlackTeam "Jiangsu"]
[WhiteFideId "8602883"]
[BlackFideId "8603090"]
[EventDate "2014.04.12"]

1. e4 c6 2. d4 d5 3. e5 Bf5 4. Nf3 e6 5. Be2 c5 6. Be3 cxd4 7. Nxd4 Ne7 8. Nd2
Nbc6 9. N2f3 Bg4 10. O-O Bxf3 11. Nxf3 g6 12. Re1 Bg7 13. Bf4 O-O 14. Bd3 Rc8
15. c3 a6 16. Qe2 Na5 17. Bg5 Qc7 18. h4 Nc4 19. Rad1 Nc6 20. Bxc4 dxc4 21. Qe3
Ne7 22. Bxe7 Qxe7 23. Rd6 Qc7 24. Red1 Qa5 25. h5 Rc5 26. Re1 Rfc8 27. Qf4 gxh5
28. Rd7 Rf8 29. Rxb7 Rc7 30. Rxc7 Qxc7 31. Nd2 Rd8 32. Nxc4 Rd5 33. Re3 f6 34.
Rg3 fxe5 35. Qf6 Qd7 36. Ne3 h4 37. Rxg7+ 1-0

[Event "TCh-CHN Division A 2014"]
[Site "Shaoguan CHN"]
[Date "2014.07.26"]
[Round "10.1"]
[White "Guo, Qi"]
[Black "Zhao, Xue"]
[Result "1-0"]
[WhiteTitle "WGM"]
[BlackTitle "GM"]
[WhiteElo "2458"]
[BlackElo "2514"]
[WhiteTeam "Jiangsu"]
[BlackTeam "Beijing"]
[WhiteFideId "8604002"]
[BlackFideId "8601283"]
[EventDate "2014.04.12"]

1. d4 Nf6 2. c4 e6 3. Nf3 b6 4. g3 Ba6 5. Qa4 Bb7 6. Bg2 c5 7. dxc5 bxc5 8. O-O
Be7 9. Nc3 O-O 10. Rd1 Qb6 11. Bf4 Rd8 12. Rd2 h6 13. Rad1 d6 14. Qb5 Ne8 15. e4
Nc6 16. e5 Nxe5 17. Nxe5 Bxg2 18. Kxg2 dxe5 19. Bxe5 f6 20. Rxd8 Rxd8 21. Rxd8
Qxd8 22. Bf4 Kf7 23. Be3 Nc7 24. Qa4 a6 25. Qc6 Qa8 26. Qxa8 Nxa8 27. Na4 f5 28.
f4 g5 29. Bxc5 g4 30. Bxe7 Kxe7 31. Kf2 Kd6 32. Ke3 e5 33. fxe5+ Kxe5 34. Nc5
Nc7 35. b4 h5 36. a4 f4+ 37. gxf4+ Kf5 38. b5 axb5 39. axb5 Na8 40. Nd7 Nc7 41.
b6 Na6 42. b7 h4 43. b8=Q Nxb8 44. Nxb8 g3 45. h3 1-0

[Event "TCh-CHN Division A 2014"]
[Site "Shaoguan CHN"]
[Date "2014.07.26"]
[Round "10.1"]
[White "Shen, Yang"]
[Black "Wang, Jue"]
[Result "1-0"]
[WhiteTitle "IM"]
[BlackTitle "WGM"]
[WhiteElo "2475"]
[BlackElo "2353"]
[WhiteTeam "Jiangsu"]
[BlackTeam "Beijing"]
[WhiteFideId "8603162"]
[BlackFideId "8604070"]
[EventDate "2014.04.12"]

1. d4 Nf6 2. c4 e6 3. Nf3 Bb4+ 4. Bd2 c5 5. Bxb4 cxb4 6. g3 O-O 7. Bg2 d6 8. O-O
Nc6 9. a3 Qc7 10. Qb3 a5 11. d5 Ne7 12. axb4 exd5 13. cxd5 Nexd5 14. bxa5 Rxa5
15. Rxa5 Qxa5 16. Nd4 Qc5 17. Rd1 Nb6 18. Nc3 d5 19. Qb5 Qc7 20. Qa5 Bd7 21. e3
Ra8 22. Qb4 h6 23. Nde2 Bg4 24. Rc1 Rc8 25. Nf4 Qc5 26. Qxc5 Rxc5 27. h3 Be6 28.
Rd1 Nc4 29. b4 Rc7 30. Ncxd5 Bxd5 31. Nxd5 Nxd5 32. Rxd5 Kf8 33. e4 f6 34. h4
Ke7 35. Bh3 Nb6 36. Rb5 Na4 37. e5 Nc3 38. exf6+ Kxf6 39. Rb6+ Ke5 40. Bg2 Kd4
41. Bxb7 Na4 42. Rd6+ Ke5 43. Rd5+ Ke6 44. Ra5 Rxb7 45. Rxa4 Kd5 46. Kg2 Kc4 47.
Ra1 Rxb4 48. Ra7 g5 49. Ra6 gxh4 50. Rxh6 1-0

[Event "TCh-CHN Division A 2014"]
[Site "Shaoguan CHN"]
[Date "2014.07.26"]
[Round "10.2"]
[White "Mu, Ke"]
[Black "Xu, Yinglun"]
[Result "1/2-1/2"]
[WhiteElo "2413"]
[BlackElo "2410"]
[WhiteTeam "Qingdao Experimental School"]
[BlackTeam "Guangdong"]
[WhiteFideId "8602778"]
[BlackFideId "8604940"]
[EventDate "2014.04.12"]

1. d4 e6 2. c4 Nf6 3. Nc3 Bb4 4. e3 O-O 5. Ne2 d5 6. a3 Bd6 7. Ng3 c6 8. Bd3 e5
9. cxd5 exd4 10. exd4 Re8+ 11. Be2 Nxd5 12. O-O Be6 13. Nce4 Be7 14. Bd3 Nd7 15.
Bc2 Qb6 16. Qd3 Nf8 17. Bd2 Rad8 18. b4 Nc7 19. Be3 Qb5 20. Qd2 Nd5 21. Bd3 Qb6
22. Nc5 Qc7 23. Rfc1 a6 24. Rab1 Bc8 25. a4 Nxe3 26. fxe3 Bg5 27. Re1 Qe7 28.
Nce4 Bh4 29. Qf2 Nd7 30. b5 axb5 31. axb5 Nf6 32. Nxf6+ Qxf6 33. Qxf6 Bxf6 34.
bxc6 bxc6 35. Ne4 Be7 36. Rbc1 f5 37. Ng3 Bg5 38. Nf1 f4 39. exf4 Rxe1 40. Rxe1
Bf6 41. Kf2 Bxd4+ 42. Kf3 Bd7 43. Ne3 c5 44. Bc4+ Kf8 45. Ng4 Bc6+ 46. Kg3 Ra8
47. Ne5 Ra3+ 48. Kg4 Bxe5 49. Rxe5 Rc3 50. Bd5 Bd7+ 51. Kh4 h6 52. h3 Rd3 53.
Be6 Bc6 54. g3 Rc3 55. Bd5 Bxd5 56. Rxd5 c4 57. Rd7 Rd3 58. Rc7 c3 59. g4 Ke8
60. Kh5 Rxh3+ 61. Kg6 Rd3 62. Rc8+ Kd7 63. Rc4 Rd6+ 64. Kxg7 Rc6 65. Rd4+ Rd6
66. Rc4 1/2-1/2

[Event "TCh-CHN Division A 2014"]
[Site "Shaoguan CHN"]
[Date "2014.07.26"]
[Round "10.2"]
[White "Ma, Zhonghan"]
[Black "Zeng, Chongsheng"]
[Result "1/2-1/2"]
[BlackTitle "GM"]
[WhiteElo "2471"]
[BlackElo "2540"]
[WhiteTeam "Qingdao Experimental School"]
[BlackTeam "Guangdong"]
[WhiteFideId "8607206"]
[BlackFideId "8603847"]
[EventDate "2014.04.12"]

1. d4 Nf6 2. c4 g6 3. Nf3 Bg7 4. g3 O-O 5. Bg2 d6 6. Nc3 Nc6 7. O-O a6 8. d5 Na5
9. Nd2 c5 10. Qc2 b5 11. cxb5 axb5 12. Nxb5 Qb6 13. Nc3 Bf5 14. e4 Bc8 15. Nf3
Ba6 16. Rd1 Nd7 17. Rb1 Nc4 18. b3 Nce5 19. Nxe5 Nxe5 20. Ne2 Rfb8 21. Nf4 Bc8
22. h3 Qa7 23. a3 Bd7 24. Nd3 c4 25. Nxe5 cxb3 26. Rxb3 Rxb3 27. Qxb3 Ba4 28.
Qf3 Bxe5 29. Rf1 Bb5 30. Rd1 Ba4 1/2-1/2

[Event "TCh-CHN Division A 2014"]
[Site "Shaoguan CHN"]
[Date "2014.07.26"]
[Round "10.2"]
[White "Wang, Tongsen"]
[Black "Li, Shilong"]
[Result "1/2-1/2"]
[BlackTitle "GM"]
[WhiteElo "2185"]
[BlackElo "2495"]
[WhiteTeam "Qingdao Experimental School"]
[BlackTeam "Guangdong"]
[WhiteFideId "8608067"]
[BlackFideId "8600678"]
[EventDate "2014.04.12"]

1. e4 c5 2. Nf3 d6 3. d4 cxd4 4. Nxd4 Nf6 5. Nc3 e6 6. f4 Be7 7. Qf3 O-O 8. Be3
e5 9. Nf5 Bxf5 10. exf5 Nbd7 11. Bc4 Qc8 12. Bd5 e4 13. Qh3 Bd8 14. O-O-O Nxd5
15. Rxd5 Nf6 16. Rxd6 Be7 17. Rd2 Rd8 18. Bd4 Qc4 19. Rhd1 Bb4 20. Kb1 Rac8 21.
a3 Be7 22. Qg3 Kf8 23. Qe3 Re8 24. h3 b5 25. Be5 a5 26. Qe2 e3 27. Qxc4 Rxc4 28.
Re2 b4 29. axb4 axb4 30. Nb5 Rc5 31. Nd6 Rd8 32. Rd3 Rc6 33. Nb7 Rxd3 34. cxd3
Nd5 35. g3 b3 36. Na5 Rc2 37. Rxc2 bxc2+ 38. Kxc2 Bb4 39. Nc4 e2 40. Bd6+ Bxd6
41. Kd2 Bc7 42. Kxe2 Ne7 43. Ne3 Bb6 1/2-1/2

[Event "TCh-CHN Division A 2014"]
[Site "Shaoguan CHN"]
[Date "2014.07.26"]
[Round "10.2"]
[White "Munguntuul, Batkhuyag"]
[Black "Lei, Tingjie"]
[Result "0-1"]
[WhiteTitle "IM"]
[BlackTitle "WGM"]
[WhiteElo "2438"]
[BlackElo "2421"]
[WhiteTeam "Guangdong"]
[BlackTeam "Qingdao Experimental School"]
[WhiteFideId "4900758"]
[BlackFideId "8605114"]
[EventDate "2014.04.12"]

1. e4 c5 2. Nf3 e6 3. d4 cxd4 4. Nxd4 Nc6 5. Nc3 Qc7 6. Be2 a6 7. O-O Nf6 8. a4
Be7 9. Be3 O-O 10. f4 d6 11. Bf3 Nxd4 12. Qxd4 e5 13. Qd2 exf4 14. Bxf4 Be6 15.
Rfd1 Rfd8 16. Kh1 Rac8 17. a5 h6 18. Qe1 Kh8 19. Qg3 Qc5 20. e5 dxe5 21. Bxe5
Rxd1+ 22. Rxd1 Qxa5 23. Bxb7 Rg8 24. Bf3 Bf5 25. Nd5 Nxd5 26. Rxd5 Qa1+ 27. Rd1
Qa4 28. c3 Qc2 29. Re1 Kh7 30. Bd5 Bg6 31. Qf3 Qd2 32. Rd1 Qg5 33. Bd4 Rf8 34.
c4 f5 35. Ra1 Bf6 36. Be3 f4 37. Bxf4 Qh4 38. Qg3 Qh5 39. h3 Bxb2 40. Rxa6 Qf5
41. Bc7 Qb1+ 42. Kh2 Bd4 43. Qd6 Bg1+ 44. Kg3 Bf2+ 0-1

[Event "TCh-CHN Division A 2014"]
[Site "Shaoguan CHN"]
[Date "2014.07.26"]
[Round "10.2"]
[White "Li, Xueyi"]
[Black "Gong, Qianyun"]
[Result "1/2-1/2"]
[BlackTitle "WIM"]
[WhiteElo "2193"]
[BlackElo "2349"]
[WhiteTeam "Guangdong"]
[BlackTeam "Qingdao Experimental School"]
[WhiteFideId "8605912"]
[BlackFideId "8602425"]
[EventDate "2014.04.12"]

1. d4 Nf6 2. c4 c5 3. d5 e5 4. Nc3 d6 5. e4 Be7 6. Be2 Nbd7 7. Be3 a5 8. Qd2 O-O
9. h3 Ne8 10. Nf3 g6 11. g4 Ng7 12. Rg1 Nf6 13. Bh6 Nfe8 14. Bd3 Bd7 15. Ne2 b5
16. Ng3 Kh8 17. O-O-O Rb8 18. Nf1 bxc4 19. Bxc4 f5 20. gxf5 gxf5 21. Bxg7+ Nxg7
22. Qh6 Bf6 23. Ng5 Bxg5+ 24. Rxg5 Qf6 25. Qxf6 Rxf6 26. Nd2 Bb5 27. Rdg1 Rf7
28. f3 Rbf8 29. a4 Bxa4 30. Ba6 Bd7 31. Be2 Ne8 32. h4 Rg7 33. Kc2 Rxg5 34. Rxg5
Nc7 35. Rg1 fxe4 36. fxe4 Rf7 37. Bd3 Nb5 38. Bxb5 Bxb5 39. Ra1 Kg7 40. Rxa5 Be2 1/2-1/2

[Event "TCh-CHN Division A 2014"]
[Site "Shaoguan CHN"]
[Date "2014.07.26"]
[Round "10.3"]
[White "Liu, Qingnan"]
[Black "Ma, Qun"]
[Result "1/2-1/2"]
[WhiteTitle "IM"]
[BlackTitle "GM"]
[WhiteElo "2510"]
[BlackElo "2621"]
[WhiteTeam "Shandong"]
[BlackTeam "Tianjing"]
[WhiteFideId "8603294"]
[BlackFideId "8603154"]
[EventDate "2014.04.12"]

1. e4 c5 2. Nf3 Nc6 3. d4 cxd4 4. Nxd4 g6 5. Nc3 Bg7 6. Be3 Nf6 7. Bc4 O-O 8.
Bb3 d6 9. f3 Bd7 10. Qd2 Nxd4 11. Bxd4 b5 12. h4 a5 13. h5 a4 14. Bd5 b4 15.
Bxf6 exf6 16. Ne2 Rc8 17. hxg6 hxg6 18. g4 Be6 19. Bxe6 fxe6 20. Nf4 Re8 1/2-1/2

[Event "TCh-CHN Division A 2014"]
[Site "Shaoguan CHN"]
[Date "2014.07.26"]
[Round "10.3"]
[White "Zhao, Jun"]
[Black "Malakhov, Vladimir"]
[Result "1/2-1/2"]
[WhiteTitle "GM"]
[BlackTitle "GM"]
[WhiteElo "2578"]
[BlackElo "2708"]
[WhiteTeam "Shandong"]
[BlackTeam "Tianjing"]
[WhiteFideId "8602522"]
[BlackFideId "4120787"]
[EventDate "2014.04.12"]

1. e4 e5 2. Nf3 Nc6 3. Bb5 Nf6 4. Nc3 Bd6 5. O-O O-O 6. d3 h6 7. Bc4 Re8 8. a3
Bf8 9. h3 d6 10. Be3 a6 11. b4 Ne7 12. Bb3 Ng6 13. Re1 Be6 14. d4 exd4 15. Bxd4
Nd7 16. Be3 c6 17. Bxe6 Rxe6 18. Nd4 Re8 19. Nf5 Nde5 20. Qd4 Nh4 21. Nxh4 Qxh4
22. f4 c5 23. Qd1 Nc4 24. Bf2 Qd8 25. Nd5 Rc8 26. Qf3 Nb6 27. Nxb6 Qxb6 28. bxc5
dxc5 29. e5 Qc6 30. Qxc6 Rxc6 31. a4 b5 32. axb5 axb5 33. Red1 Rc7 34. Ra6 b4
35. Kf1 Rb8 36. Ke2 c4 37. Rb6 Rxb6 38. Bxb6 Rb7 39. Bd4 Rd7 40. Be3 Rxd1 41.
Kxd1 1/2-1/2

[Event "TCh-CHN Division A 2014"]
[Site "Shaoguan CHN"]
[Date "2014.07.26"]
[Round "10.3"]
[White "Ushenina, Anna"]
[Black "Sun, Fanghui"]
[Result "1-0"]
[WhiteTitle "GM"]
[WhiteElo "2494"]
[BlackElo "2077"]
[WhiteTeam "Tianjing"]
[BlackTeam "Shandong"]
[WhiteFideId "14110911"]
[BlackFideId "8604150"]
[EventDate "2014.04.12"]

1. d4 d5 2. c4 c6 3. Nc3 Nf6 4. e3 e6 5. Nf3 Nbd7 6. Qc2 Bd6 7. Bd3 O-O 8. O-O
dxc4 9. Bxc4 b5 10. Bd3 Bb7 11. Ng5 Bxh2+ 12. Kxh2 Ng4+ 13. Kg1 Qxg5 14. f3 Ngf6
15. e4 Qh4 16. Qf2 Qxf2+ 17. Kxf2 e5 18. Be3 a6 19. a4 b4 20. Ne2 exd4 21. Nxd4
Ne5 22. Be2 a5 23. Rac1 Rfd8 24. Nb3 Ba6 25. Bd4 Nfd7 26. Rfd1 Bxe2 27. Kxe2 f6
28. f4 Ng6 29. Be3 f5 30. e5 Ne7 31. Rd6 Nf8 32. Rxd8 Rxd8 33. Nxa5 Ra8 34. Nxc6
Nd5 35. a5 Ne6 36. g3 Ra6 37. Rc4 Kf7 38. b3 h6 39. Kd3 g5 40. Nxb4 Rxa5 41.
Nxd5 Rxd5+ 42. Kc2 h5 43. fxg5 Rxe5 44. Kd3 Rd5+ 45. Ke2 Re5 46. Kf3 Rb5 47. b4
Ke7 48. Bd2 Kf7 49. Kf2 Rd5 50. Ke1 Nd4 51. Be3 Ne6 52. Ke2 Ke7 53. Rh4 Ng7 54.
Rh1 Rb5 55. Bc5+ Kf7 56. Kd3 Kg6 57. Kc4 Rb7 58. Be3 Ne6 59. Ra1 1-0

[Event "TCh-CHN Division A 2014"]
[Site "Shaoguan CHN"]
[Date "2014.07.26"]
[Round "10.3"]
[White "Ni, Shiqun"]
[Black "Xiao, Yiyi"]
[Result "1-0"]
[WhiteTitle "WIM"]
[BlackTitle "WFM"]
[WhiteElo "2262"]
[BlackElo "2248"]
[WhiteTeam "Tianjing"]
[BlackTeam "Shandong"]
[WhiteFideId "8608466"]
[BlackFideId "8606161"]
[EventDate "2014.04.12"]

1. e4 c5 2. Nf3 e6 3. d4 cxd4 4. Nxd4 Nc6 5. Nc3 a6 6. Be2 Qc7 7. O-O Nf6 8. Be3
Be7 9. f4 d6 10. Qe1 O-O 11. Qg3 Nxd4 12. Bxd4 b5 13. a3 Bb7 14. Kh1 Rad8 15.
Rae1 Rd7 16. Bd3 Qd8 17. Qh3 h6 18. Re3 Kh8 19. Rg3 Re8 20. e5 dxe5 21. Bxe5 Bd6
22. Re1 Bxe5 23. fxe5 Nh7 24. Qg4 Qg5 25. Qe2 Qh4 26. Rg4 Qh5 27. Rxg7 Qxe2 28.
Rxh7+ Kg8 29. Rxe2 Rxd3 30. Rxh6 Rd4 31. Kg1 Bc6 32. Rh3 a5 33. Rd3 Rxd3 34.
cxd3 b4 35. axb4 axb4 36. Ne4 Ra8 37. Kf2 Ra5 38. d4 Kg7 39. Ke3 Ra1 40. Nd6 f5
41. exf6+ Kxf6 42. Ne4+ Kg6 43. Nc5 Bd5 44. Nd3 b3 45. Nf4+ Kg5 46. Nxd5 exd5
47. Kd2 1-0

[Event "TCh-CHN Division A 2014"]
[Site "Shaoguan CHN"]
[Date "2014.07.26"]
[Round "10.4"]
[White "Ding, Liren"]
[Black "Zhao, Yuanhe"]
[Result "1-0"]
[WhiteTitle "GM"]
[WhiteElo "2730"]
[BlackElo "2137"]
[WhiteTeam "Zhejiang"]
[BlackTeam "Chengdu"]
[WhiteFideId "8603677"]
[BlackFideId "8609497"]
[EventDate "2014.04.12"]

1. d4 Nf6 2. c4 g6 3. g3 d5 4. cxd5 Nxd5 5. Bg2 Bg7 6. Nf3 Nb6 7. Nc3 c5 8. dxc5
Qxd1+ 9. Kxd1 Nc4 10. Nd2 Ne5 11. f4 Ng4 12. Nde4 Bxc3 13. bxc3 Bf5 14. Ke1 Bxe4
15. Bxe4 Nc6 16. h3 Nf6 17. Bf3 O-O-O 18. Rb1 Nd7 19. Be3 Rhe8 20. Kf2 e5 21.
Rhd1 e4 22. Bg2 f5 23. Bd4 Re6 24. e3 Ne7 25. Bf1 a6 26. Rb4 Kc7 27. Rdb1 Rb8
28. Bc4 Rc6 29. g4 Kc8 30. gxf5 gxf5 31. Rg1 Rg6 32. Rg5 Kc7 33. h4 Rf8 34. Bg7
Rd8 35. h5 Rxg5 36. fxg5 Nxc5 37. g6 hxg6 38. h6 Rd2+ 39. Ke1 1-0

[Event "TCh-CHN Division A 2014"]
[Site "Shaoguan CHN"]
[Date "2014.07.26"]
[Round "10.4"]
[White "Lu, Shanglei"]
[Black "Xu, Xiangyu CHN"]
[Result "1-0"]
[WhiteTitle "GM"]
[WhiteElo "2566"]
[BlackElo "2277"]
[WhiteTeam "Zhejiang"]
[BlackTeam "Chengdu"]
[WhiteFideId "8603332"]
[BlackFideId "8608288"]
[EventDate "2014.04.12"]

1. e4 c5 2. Nf3 d6 3. d4 cxd4 4. Nxd4 Nf6 5. Nc3 Nc6 6. f3 Nxd4 7. Qxd4 g6 8.
Bg5 Bg7 9. O-O-O O-O 10. Qd2 Be6 11. Kb1 Qb6 12. Nb5 Rfc8 13. Be3 Qd8 14. g4 Nd7
15. Nd4 Ne5 16. b3 Qc7 17. Be2 Bd7 18. Bg5 Nc6 19. Nb5 Qb8 20. Bh6 Bh8 21. h4 a6
22. Na3 Nd4 23. h5 Nb5 24. Bxb5 axb5 25. hxg6 fxg6 26. Nxb5 Rc5 27. c4 Bxb5 28.
cxb5 Rxb5 29. Qd3 Qa7 30. Rd2 Qc5 31. Rc1 Qe5 32. Qc4+ e6 33. f4 Qa1+ 34. Kc2
Rxa2+ 35. Kd1 Rxd2+ 36. Kxd2 Qd4+ 37. Ke2 Qxc4+ 38. Rxc4 Rc5 39. Ra4 Bg7 40.
Ra8+ Kf7 41. Bxg7 Kxg7 42. Rd8 Rc2+ 43. Kd3 Rg2 44. g5 Rg3+ 45. Kc4 Re3 46. Kd4
Rxb3 47. Rxd6 h6 48. Rd7+ Kg8 49. Ke5 h5 50. Kf6 Rf3 51. f5 exf5 52. e5 h4 53.
Kxg6 Kf8 54. Kf6 Ke8 55. Rxb7 Kd8 56. e6 1-0

[Event "TCh-CHN Division A 2014"]
[Site "Shaoguan CHN"]
[Date "2014.07.26"]
[Round "10.4"]
[White "Lan, Zilun"]
[Black "Liu, Guanchu"]
[Result "1/2-1/2"]
[BlackTitle "IM"]
[WhiteElo "2147"]
[BlackElo "2409"]
[WhiteTeam "Zhejiang"]
[BlackTeam "Chengdu"]
[WhiteFideId "8604193"]
[BlackFideId "8603901"]
[EventDate "2014.04.12"]

1. d4 f5 2. Nc3 d5 3. Nf3 e6 4. Bf4 Bd6 5. e3 Nf6 6. Bd3 Nc6 7. Ne2 O-O 8. O-O
Nb4 9. c4 b6 10. cxd5 Nxd3 11. Qxd3 Nxd5 12. Bxd6 cxd6 13. Nc3 Bb7 14. Nxd5 Bxd5
15. Nd2 Rc8 16. Rac1 Qd7 17. f3 Qa4 18. a3 Bb7 19. Qb3 Qxb3 20. Nxb3 Kf7 21. Kf2
Kf6 22. Rxc8 Rxc8 23. Rc1 e5 24. Rxc8 Bxc8 25. Ke2 Ba6+ 26. Kd2 g5 27. dxe5+
dxe5 28. Kc3 f4 29. exf4 exf4 30. Kd4 Bf1 31. g3 fxg3 32. hxg3 h5 33. Nd2 Ba6
34. Ke4 Bb7+ 35. Ke3 Ke5 36. Nc4+ Kd5 37. Nd2 h4 38. Ne4 hxg3 39. Nxg3 Kc4 40.
Ne4 Kb3 41. Nxg5 Kxb2 42. f4 Bc8 43. a4 Bd7 44. Kd4 Bxa4 45. f5 Bb3 46. f6 a5
47. f7 Bxf7 48. Nxf7 a4 49. Ne5 a3 50. Nd3+ Kc2 51. Nb4+ Kb3 52. Nd3 1/2-1/2

[Event "TCh-CHN Division A 2014"]
[Site "Shaoguan CHN"]
[Date "2014.07.26"]
[Round "10.4"]
[White "Li, Yunshan"]
[Black "Ding, Yixin"]
[Result "0-1"]
[WhiteTitle "WFM"]
[BlackTitle "WGM"]
[WhiteElo "1951"]
[BlackElo "2440"]
[WhiteTeam "Chengdu"]
[BlackTeam "Zhejiang"]
[WhiteFideId "8607664"]
[BlackFideId "8602972"]
[EventDate "2014.04.12"]

1. d4 b5 2. e4 Bb7 3. Bd3 e6 4. Nf3 a6 5. a4 b4 6. c4 d6 7. O-O Nd7 8. Qe2 Ne7
9. Be3 Ng6 10. Ne1 e5 11. d5 a5 12. g3 Be7 13. Ng2 O-O 14. Nd2 Re8 15. f4 exf4
16. gxf4 Bf8 17. Qf2 Nf6 18. Qf3 Qd7 19. Bd4 Ng4 20. h3 Nh6 21. h4 f5 22. h5 Ne7
23. e5 dxe5 24. Bxe5 c6 25. d6 c5 26. Qe3 Nc8 27. Qxc5 Nxd6 28. Qd4 Qc6 29. Nf3
Ndf7 30. Qd5 Qc8 31. Qb5 Bc6 32. Qb6 Bxf3 33. Qf2 Nxe5 0-1

[Event "TCh-CHN Division A 2014"]
[Site "Shaoguan CHN"]
[Date "2014.07.26"]
[Round "10.4"]
[White "Ren, Xiaoyi"]
[Black "Qiu, Mengjie"]
[Result "0-1"]
[BlackTitle "WFM"]
[WhiteElo "2130"]
[BlackElo "2126"]
[WhiteTeam "Chengdu"]
[BlackTeam "Zhejiang"]
[WhiteFideId "8608709"]
[BlackFideId "8606137"]
[EventDate "2014.04.12"]

1. d4 Nf6 2. c4 g6 3. Nc3 d5 4. cxd5 Nxd5 5. Bd2 Nb6 6. e3 Bg7 7. f4 O-O 8. Nf3
Be6 9. Ng5 Bc4 10. Be2 N8d7 11. b4 e5 12. dxe5 Nxe5 13. O-O Bxe2 14. Qxe2 Nec4
15. Rad1 Nxd2 16. Rxd2 Qe7 17. Nd5 Nxd5 18. Rxd5 c6 19. Rd3 h6 20. Nf3 Qxb4 21.
Rb3 Qe7 22. e4 b5 23. Rc1 Rac8 24. e5 a6 25. h4 c5 26. h5 c4 27. Rbc3 gxh5 28.
Qe4 Qc5+ 29. Kh1 Qc6 30. Qe2 Qg6 31. Qf2 Rfd8 32. Re3 Rd3 33. Nh4 Qg4 34. Rxd3
cxd3 35. Rxc8+ Qxc8 36. Nf3 Qc1+ 37. Kh2 Qxf4+ 38. g3 Qe4 0-1

[Event "TCh-CHN Division A 2014"]
[Site "Shaoguan CHN"]
[Date "2014.07.26"]
[Round "10.5"]
[White "Wang, Rui"]
[Black "Fang, Yuxiang"]
[Result "1/2-1/2"]
[WhiteTitle "GM"]
[WhiteElo "2394"]
[BlackElo "2324"]
[WhiteTeam "Hebei"]
[BlackTeam "Qingdao Qingwei"]
[WhiteFideId "8601003"]
[BlackFideId "8605840"]
[EventDate "2014.04.12"]

1. d4 d5 2. Bg5 c6 3. e3 h6 4. Bh4 Qb6 5. Qc1 Bf5 6. Nf3 e6 7. c4 Nd7 8. Nc3
Ngf6 9. c5 Qd8 10. Be2 Be7 11. O-O O-O 12. b4 a6 13. a4 b6 14. Qb2 Qc8 15. cxb6
Nxb6 16. Bxf6 Bxf6 17. a5 Nd7 18. Ra3 Qb7 19. Rb3 Rab8 20. Nd2 Rfc8 21. Na4 Qa7
22. Rc1 Be7 23. Rcc3 Bf6 24. Nc5 Nxc5 25. bxc5 e5 26. Nf3 exd4 27. exd4 Bg4 28.
Qd2 Bxf3 29. Bxf3 Bg5 30. Qa2 Bf6 31. Qd2 Bg5 32. Qb2 Re8 33. Rb6 Qc7 34. g3 Bf6 1/2-1/2

[Event "TCh-CHN Division A 2014"]
[Site "Shaoguan CHN"]
[Date "2014.07.26"]
[Round "10.5"]
[White "Yang, Kaiqi"]
[Black "Zhou, Jiangnan"]
[Result "1-0"]
[WhiteTitle "IM"]
[WhiteElo "2351"]
[BlackElo "2100"]
[WhiteTeam "Hebei"]
[BlackTeam "Qingdao Qingwei"]
[WhiteFideId "8604398"]
[BlackFideId "8609918"]
[EventDate "2014.04.12"]

1. e4 c6 2. d4 d5 3. e5 Bf5 4. h4 h6 5. g4 Bd7 6. h5 e6 7. f4 c5 8. c3 Qb6 9.
Nf3 Nc6 10. Rh2 cxd4 11. cxd4 Rc8 12. Nc3 Bb4 13. Kf2 a6 14. Kg3 Nge7 15. Na4
Qa7 16. a3 Ba5 17. Be3 Bc7 18. Nc5 Nb8 19. Rc1 Bc6 20. Bd3 b6 21. Na4 Nd7 22. b3
Bb7 23. Rhc2 Qb8 24. Qe2 b5 25. Nc5 Nc6 1-0

[Event "TCh-CHN Division A 2014"]
[Site "Shaoguan CHN"]
[Date "2014.07.26"]
[Round "10.5"]
[White "Wan, Yunguo"]
[Black "Yu, Chaojie"]
[Result "1/2-1/2"]
[WhiteTitle "IM"]
[WhiteElo "2493"]
[BlackElo "2107"]
[WhiteTeam "Hebei"]
[BlackTeam "Qingdao Qingwei"]
[WhiteFideId "8603189"]
[BlackFideId "8608555"]
[EventDate "2014.04.12"]

1. e4 d6 2. d4 Nf6 3. Nc3 e5 4. Nf3 exd4 5. Nxd4 Be7 6. Be2 O-O 7. O-O Nc6 8.
Re1 Re8 9. Bf1 Nxd4 10. Qxd4 c6 11. b3 Qb6 12. Qd2 Be6 13. Bb2 Rad8 14. Qf4 Qa5
15. Ne2 Nh5 16. Qf3 Qg5 17. Ng3 Bg4 18. Qd3 Bf6 19. Bxf6 Qxf6 20. f3 Nxg3 21.
hxg3 Be6 22. c4 g6 23. Rad1 Kg7 24. Qd2 Rd7 25. Qe3 a6 26. a4 Red8 27. a5 d5 28.
cxd5 cxd5 29. e5 Qe7 30. Qd4 Rc8 31. Rc1 Rdc7 32. Rxc7 Qxc7 33. b4 Qc3 34. Qxc3
Rxc3 35. Rb1 Ra3 36. Kf2 f6 37. f4 fxe5 38. fxe5 Kh6 39. b5 Rxa5 40. bxa6 bxa6
41. Rb6 Bf5 42. Rxa6 Rxa6 43. Bxa6 1/2-1/2